[Event "Prague Mladi op"]
[Site "Prague"]
[Date "1990.??.??"]
[Round "5"]
[White "Yandemirov, Valeri"]
[Black "Kunovac, Daniel"]
[Result "1-0"]
[WhiteElo "2380"]
[BlackElo "2285"]

1.e4 c5 2.Nf3 Nc6 3.Bb5 g6 4.O-O Bg7 5.c3 a6 6.Bxc6 dxc6 7.d3 e5 8.a4 a5
9.Na3 Qc7 10.Be3 b6 11.Nc4 Ba6 12.Nfd2 Nf6 13.b4 axb4 14.cxb4 b5 15.axb5 cxb5
16.Bxc5 bxc4 17.Nxc4 Bf8 18.Nb6 Ra7 19.Qa4+ Kd8 20.Be3 Qb8 21.b5 Ng4 22.Nd5 Nxe3
23.fxe3 f5 24.bxa6 f4 25.Rab1 Qa8 26.Qa5+  1-0

[Event "Prague Mladi op"]
[Site "Prague"]
[Date "1990.??.??"]
[Round "6"]
[White "Rasik, Vitezslav"]
[Black "Sjoberg, Mats"]
[Result "1-0"]
[WhiteElo "2360"]
[BlackElo "2365"]

1.e4 c5 2.Nf3 Nc6 3.Bb5 g6 4.O-O Bg7 5.c3 d6 6.d4 Bd7 7.dxc5 dxc5 8.Be3 Nf6
9.Nbd2 b6 10.h3 O-O 11.a4 Qc7 12.Qc2 Rfd8 13.Rfd1 Nh5 14.Nc4 Be8 15.Qb3 Nf6
16.e5 Nd7 17.e6 fxe6 18.a5 Rab8 19.axb6 axb6 20.Qa4 Nce5 21.Nfxe5 Bxe5 22.Nxe5 Nxe5
23.Rxd8 Qxd8 24.Bxe8 Qxe8 25.Bf4 Nd3 26.Bxb8 Qxb8 27.Qe4  1-0

[Event "CRO-Cup"]
[Site "Pula"]
[Date "1990.??.??"]
[Round "?"]
[White "Marinovic, Bozidar"]
[Black "Zakic, Srdjan"]
[Result "1/2-1/2"]
[WhiteElo "2335"]
[BlackElo "2355"]

1.e4 c5 2.Nf3 Nc6 3.Bb5 Nf6 4.e5 Nd5 5.O-O e6 6.Re1 Qb6 7.Bf1 d6 8.exd6 Bxd6
9.Na3 Be7 10.Nc4 Qc7 11.d4 cxd4 12.Nxd4 Nxd4 13.Qxd4 O-O 14.c3 b6 15.Qg4 Bb7
16.Bh6 Bf6 17.Ne3 Rad8 18.Nxd5 Rxd5 19.Rad1 Kh8 20.Be3 Rfd8 21.Rxd5 Rxd5
22.Rd1 Qd7 23.Rxd5 Bxd5 24.c4 Bb7 25.b3 Qd6 26.Qe2 Be5 27.h3 Bd4 28.Bxd4 Qxd4
29.Qd3 Qxd3 30.Bxd3 Kg8 31.f4 Kf8 32.Kf2 Ke7 33.g3 h6 34.Ke3 Bg2 35.h4 Kd6
36.Kd4 f6 37.b4 e5+ 38.fxe5+ fxe5+ 39.Ke3 Bc6 40.Bf5 Bb7 41.Bd3 Bc6 42.Bf5  1/2-1/2

[Event "Pula op"]
[Site "Pula"]
[Date "1990.??.??"]
[Round "3"]
[White "Kapengut, Albert Z"]
[Black "Gostisa, Leon"]
[Result "1/2-1/2"]
[WhiteElo "2450"]
[BlackElo "2370"]

1.e4 c5 2.Nf3 Nc6 3.Bb5 e5 4.O-O d6 5.c3 a6 6.Bxc6+ bxc6 7.d4 cxd4 8.cxd4 exd4
9.Nxd4 Bd7 10.Re1 Be7 11.Qf3 Nf6 12.Nc3 O-O 13.e5 dxe5 14.Nxc6 Bxc6 15.Qxc6 Qb8
16.Rb1 h6 17.Qf3 Rd8 18.Bf4 exf4 19.Rxe7 Qd6 20.Ree1 Rab8 21.h3 Qb4 22.a3 Qc4  1/2-1/2

[Event "Pula op"]
[Site "Pula"]
[Date "1990.??.??"]
[Round "9"]
[White "Magomedov, Magaram"]
[Black "Ivanovic, Bozidar"]
[Result "0-1"]
[WhiteElo "2360"]
[BlackElo "2520"]

1.e4 c5 2.Nf3 Nc6 3.Bb5 g6 4.O-O Bg7 5.c3 Nf6 6.e5 Nd5 7.d4 cxd4 8.cxd4 O-O
9.Nc3 Nxc3 10.bxc3 a6 11.Bxc6 dxc6 12.Rb1 b5 13.Ba3 Be6 14.Rb2 Bd5 15.Re1 Re8
16.Ng5 f6 17.exf6 exf6 18.Rxe8+ Qxe8 19.Re2 Qd7 20.Ne4 Bxe4 21.Rxe4 Re8 22.Qe2 Rxe4
23.Qxe4 f5 24.Qf4 h6 25.Qb8+ Kf7 26.h3 Qe6 27.Qc7+ Kg8 28.Bd6 g5 29.Kh2 a5
30.f4 a4 31.Be5 Bf8 32.fxg5 hxg5 33.Qd8 g4 34.Qg5+ Kf7 35.h4 Bh6 36.Qd8 Qe7
37.Qxe7+ Kxe7 38.Kg3 Bd2 39.d5 cxd5 40.Kf2 Ke6 41.Bg7 Bc1 42.Bd4 f4 43.Ke2 Kf5
44.Kd3 Ba3 45.h5 Bf8 46.Bb6 Bg7 47.Bd8 f3 48.gxf3 gxf3  0-1

[Event "Rome op"]
[Site "Rome"]
[Date "1990.??.??"]
[Round "1"]
[White "Vuksanovic, Sanja"]
[Black "Lanka, Zigurds"]
[Result "0-1"]
[WhiteElo "2160"]
[BlackElo "2480"]

1.e4 c5 2.Nf3 Nc6 3.Bb5 g6 4.O-O Bg7 5.Nc3 d6 6.Bxc6+ bxc6 7.h3 e5 8.d3 Ne7
9.Bd2 O-O 10.Qc1 f5 11.exf5 gxf5 12.Bh6 Ng6 13.Re1 Rb8 14.Rb1 Rb7 15.Kh2 f4
16.Bg5 Qa5 17.Nh4 Nxh4 18.Bxh4 Bf6 19.Bxf6 Rxf6 20.Qd1 Rg7 21.Qf3 Bd7 22.Re4 Rfg6
23.Rg1 Qd8 24.Ree1 Qh4 25.Ne4 Bg4  0-1

[Event "Rome op"]
[Site "Rome"]
[Date "1990.??.??"]
[Round "9"]
[White "Fedorov, Vladislav"]
[Black "Vaisser, Anatoli"]
[Result "0-1"]
[WhiteElo "2410"]
[BlackElo "2540"]

1.e4 c5 2.Nf3 Nc6 3.Bb5 g6 4.O-O Bg7 5.c3 a6 6.Bxc6 dxc6 7.h3 c4 8.b3 cxb3
9.axb3 e5 10.Ba3 Ne7 11.d4 exd4 12.cxd4 O-O 13.Nbd2 a5 14.Nc4 b5 15.Nce5 Bb7
16.Bc5 f6 17.Nd3 Re8 18.Re1 Bc8 19.Qc2 Qc7 20.b4 a4 21.d5 cxd5 22.exd5 Qd7
23.d6 Nd5 24.Qa2 Bb7 25.Re7 Rxe7 26.dxe7 Kh8 27.Re1 Re8 28.Nd4 Nc7 29.Nf4 g5
30.Nh5 Bd5 31.Qb2 Bf7 32.Nxg7 Kxg7 33.Re3 Nd5 34.Rf3 Bg6 35.Qe2 Nxe7 36.Ne6+ Kg8
37.Rxf6 Nd5 38.Rf8+ Rxf8 39.Nxf8 Nf4 40.Qe5 Qd1+ 41.Kh2 Qd5 42.Qxd5+ Nxd5
43.Ne6 a3 44.Nd4 a2 45.Nb3 Kf7 46.Kg3 Nc3 47.f3 Ne2+ 48.Kg4 Kf6 49.f4 gxf4
50.Kf3 Bd3 51.h4 h5 52.Na1 Ke5 53.Bf8 Nd4+ 54.Kf2 Nf5 55.Nb3 Kd5 56.Na1 Kc4
57.Kf3 Nxh4+  0-1

[Event "Rotterdam knok"]
[Site "Rotterdam"]
[Date "1990.??.??"]
[Round "1"]
[White "Van der Wiel, John TH"]
[Black "Vanheste, Jeroen"]
[Result "1-0"]
[WhiteElo "2550"]
[BlackElo "2380"]

1.e4 c5 2.Nf3 Nc6 3.Bb5 g6 4.O-O Bg7 5.c3 a6 6.Bxc6 bxc6 7.d4 cxd4 8.cxd4 Nf6
9.e5 Nd5 10.Nbd2 a5 11.Ne4 O-O 12.Re1 d6 13.exd6 exd6 14.Bg5 f6 15.Bd2 Rb8
16.Qa4 f5 17.Neg5 Rxb2 18.Qxc6 Nb4 19.Bxb4 Rxb4 20.Qd5+ Kh8 21.Nf7+ Rxf7
22.Qxf7  1-0

[Event "ARG-ch"]
[Site "San Luis"]
[Date "1990.??.??"]
[Round "15"]
[White "Borghi, Humberto"]
[Black "Soppe, Guillermo"]
[Result "0-1"]
[WhiteElo "2320"]
[BlackElo "2405"]

1.e4 c5 2.Nf3 Nc6 3.Bb5 d6 4.Bxc6+ bxc6 5.O-O Bg4 6.h3 Bh5 7.Re1 e6 8.d3 Nf6
9.Nbd2 Nd7 10.Nf1 Be7 11.Ng3 Bg6 12.Nh2 Bh4 13.Bf4 e5 14.Be3 Bxg3 15.fxg3 O-O
16.g4 d5 17.Qf3 dxe4 18.dxe4 Qa5 19.Rad1 Rfd8 20.g5 Qa4 21.Bf2 Qxc2 22.h4 h5
23.gxh6 Nf6 24.Rxd8+ Rxd8 25.hxg7 Nxe4 26.Be3 f5 27.h5 Bh7 28.h6 Qxb2 29.Rd1 Rd5
30.Nf1 Qc3 31.Rb1 Rd8 32.Rb7 Qc4 33.Qh5 f4 34.Qxe5 fxe3 35.Rb8 Rxb8 36.Qxb8+ Kf7
37.Qf8+ Kg6  0-1

[Event "Santa Clara"]
[Site "Santa Clara"]
[Date "1990.??.??"]
[Round "12"]
[White "Antunes, Antonio"]
[Black "Yakovich, Yuri"]
[Result "0-1"]
[WhiteElo "2445"]
[BlackElo "2470"]

1.e4 c5 2.Nf3 Nc6 3.Bb5 g6 4.O-O Bg7 5.Re1 Nf6 6.e5 Nd5 7.Nc3 Nc7 8.Bxc6 dxc6
9.Ne4 b6 10.Nf6+ Kf8 11.Ne4 Bg4 12.h3 Bxf3 13.Qxf3 Qd5 14.d3 Ne6 15.Ng5 Nd4
16.Qd1 Bxe5 17.c3 Nf5 18.Ne4 Rd8 19.g4 Nh4 20.Bg5 Bf6 21.Bxf6 exf6 22.Re3 f5
23.gxf5 gxf5 24.c4 Rg8+  0-1

[Event "Wch U20"]
[Site "Santiago"]
[Date "1990.??.??"]
[Round "6"]
[White "Pedzich, Dominik"]
[Black "Lutz, Christopher"]
[Result "0-1"]
[WhiteElo "2405"]
[BlackElo "2420"]

1.e4 c5 2.Nf3 Nc6 3.Bb5 g6 4.O-O Bg7 5.c3 a6 6.Bxc6 dxc6 7.d3 Nf6 8.Be3 b6
9.h3 O-O 10.a4 a5 11.Na3 Ba6 12.Ne1 c4 13.Nxc4 Bxc4 14.dxc4 Nxe4 15.Qe2 Qc7
16.Nd3 c5 17.Bf4 Nd6 18.Rfe1 Rfe8 19.Qf3 Qd7 20.Bxd6 Qxd6 21.Rad1 Qc7 22.Nf4 e6
23.h4 Rad8 24.Nh3 Rd7 25.Ng5 Red8 26.h5 h6 27.Rxd7 Qxd7 28.Ne4 f5 29.Ng3 g5
30.Nf1 g4 31.Qe2 Kf7 32.f3 gxf3 33.Qxf3 Bf6 34.Ne3 Bg5 35.Ng4 Kg8 36.Ne5 Qd2
37.Re2 Qf4 38.Qxf4 Bxf4 39.Kf1 Bxe5 40.Rxe5 Kf7 41.Ke2 Rg8 42.Kf3 Rg5 43.g3 Rxh5
44.b4 Kf6 45.Re1 Rg5 46.bxc5 bxc5 47.Rb1 Rg4 48.Rb5 Rxc4 49.Rxa5 Rxc3+  0-1

[Event "Wch U20"]
[Site "Santiago"]
[Date "1990.??.??"]
[Round "9"]
[White "Hernandez, Gilberto"]
[Black "Rodriguez, Andres"]
[Result "1-0"]
[WhiteElo "2395"]
[BlackElo "2330"]

1.Nf3 c5 2.e4 Nc6 3.Bb5 g6 4.O-O Bg7 5.c3 Nf6 6.Re1 O-O 7.d4 cxd4 8.cxd4 d5
9.e5 Ne8 10.h3 Bf5 11.Nc3 Nb4 12.Nh4 Bd7 13.Bf1 Nc7 14.a3 Nc6 15.Bf4 Qe8
16.Nf3 Rc8 17.Rc1 Na5 18.b3 Bc6 19.Bd2 b6 20.Bd3 Qd7 21.a4 Bb7 22.Ne2 Nc6
23.Nf4 Nd8 24.h4 Nde6 25.Nxe6 Nxe6 26.h5 Rxc1 27.Bxc1 Rc8 28.Bd2 Rc7 29.Qe2 Nd8
30.g3 Bc8 31.Qe3 Qg4 32.hxg6 hxg6 33.Nh2 Qd7 34.Qf4 Ne6 35.Qh4 Qe8 36.Nf3 Qd7
37.Bb5 Qd8 38.Kg2 f6 39.Rh1 Bd7 40.Bd3 Nf8 41.Bh6 Be8 42.Bxg7 Kxg7 43.e6 Nxe6
44.Qh8+  1-0

[Event "GRE-ch"]
[Site "Serres"]
[Date "1990.??.??"]
[Round "5"]
[White "Pandavos, Emanouel"]
[Black "Termentzoglou, K."]
[Result "1-0"]
[WhiteElo "2370"]
[BlackElo "2200"]

1.e4 c5 2.Nf3 Nc6 3.Bb5 d6 4.d4 cxd4 5.Qxd4 Bd7 6.Bxc6 bxc6 7.O-O e6 8.c4 Qc7
9.Nc3 Nf6 10.e5 dxe5 11.Nxe5 Bd6 12.Nf3 O-O 13.Rd1 Be7 14.b3 Rfd8 15.Bb2 Be8
16.Qe3 a5 17.h3 Rxd1+ 18.Rxd1 Rd8 19.Rd3 Rxd3 20.Qxd3 Qd6 21.Ne1 Qxd3 22.Nxd3 Nd7
23.Na4 f6 24.Bc3 Bg6 25.Nab2 Nc5 26.Nxc5 Bxc5 27.Bxa5 Bd4 28.Na4 Bb1 29.Bc3 e5
30.Bxd4 exd4 31.Kf1 Bxa2 32.Nc5 Kf7 33.Ke2 Bb1 34.b4 Ke7 35.Nb3 Ba2 36.Nd2 Kd6
37.Kd3 Ke5 38.Nf3+ Kd6 39.Nd2 Ke5 40.g3 g5 41.Nf3+ Kd6 42.Kxd4 Bb1 43.Nd2 Bg6
44.Ne4+ Ke6 45.g4 h6 46.Ng3 Kd7 47.Kc5 Kc7 48.b5 cxb5 49.cxb5 Bf7 50.Ne4 h5
51.b6+ Kb8 52.Nxf6 h4 53.Kc6 Be6 54.Nd7+  1-0

[Event "GRE-ch"]
[Site "Serres"]
[Date "1990.??.??"]
[Round "6"]
[White "Dedes, Nikolaos"]
[Black "Makropoulos, Georgios"]
[Result "1-0"]
[WhiteElo "2295"]
[BlackElo "2450"]

1.e4 c5 2.Nf3 Nc6 3.Bb5 d6 4.d4 cxd4 5.Qxd4 Bd7 6.Bxc6 Bxc6 7.Nc3 e6 8.Bg5 Nf6
9.O-O-O Be7 10.Rhe1 h6 11.Bxf6 Bxf6 12.Qxd6 Qb6 13.e5 Rd8 14.Qa3 Be7 15.Rxd8+ Bxd8
16.Ne4 Be7 17.Nd6+ Kf8 18.Rd1 Qxf2 19.Nd4 Qf4+ 20.Kb1 Qxe5 21.Nxc6 bxc6 22.Nf5 c5
23.Qxa7 exf5 24.Qa8+ Bd8 25.Qxd8+ Qe8  1-0

[Event "GRE-ch"]
[Site "Serres"]
[Date "1990.??.??"]
[Round "12"]
[White "Pandavos, Emanouel"]
[Black "Grivas, Efstratios"]
[Result "0-1"]
[WhiteElo "2370"]
[BlackElo "2445"]

1.e4 c5 2.Nf3 Nc6 3.Bb5 e6 4.O-O Nge7 5.Re1 a6 6.Bf1 d5 7.exd5 Nxd5 8.d4 Nf6
9.dxc5 Qxd1 10.Rxd1 Bxc5 11.Nc3 Nb4 12.Ne1 b5 13.Bg5 Bb7 14.Bxf6 gxf6 15.a4 bxa4
16.Nxa4 Ba7 17.c3 Nc6 18.Nd3 Rc8 19.Rdc1 a5 20.b3 Rg8 21.g3 Rg5 22.Bg2 Rc7
23.Ra2 h5 24.c4 Ne7 25.Nc3 Bxg2 26.Kxg2 Rd7 27.Ne1 Nc6 28.Ne4 Rg6 29.Nf3 Ke7
30.Rd2 Rxd2 31.Nexd2 Rg8 32.Re1 Rd8 33.Kf1 f5 34.Rb1 e5 35.Ke2 e4 36.Nh4 Kf6
37.Nf1 Nd4+ 38.Ke1 Nc2+ 39.Ke2 Rd3 40.Rb2 Nd4+ 41.Ke1 Nxb3 42.Ne3 Bxe3 43.fxe3 Rxe3+
44.Kf1 a4 45.Ra2 a3 46.Kf2 Nc1 47.Kxe3 Nxa2 48.Kd4 Nb4 49.Kc3 a2 50.Kb2 e3
51.Nf3 e2 52.c5 Ke7 53.Ka1 Kd8 54.Kb2 Kc7 55.Ka1 Nc2+ 56.Kxa2 e1=Q 57.Nxe1 Nxe1
58.Kb3 Nf3 59.h4 f4  0-1

[Event "Sochi"]
[Site "Sochi"]
[Date "1990.??.??"]
[Round "?"]
[White "Shabanov, Yuri"]
[Black "Bykhovsky, Avigdor"]
[Result "1/2-1/2"]
[WhiteElo "2375"]
[BlackElo "2480"]

1.e4 c5 2.Nf3 Nc6 3.Bb5 e6 4.O-O Nge7 5.Nc3 a6 6.Bxc6 Nxc6 7.d4 cxd4 8.Nxd4 Qc7
9.Re1 d6 10.Bg5 Be7 11.Bxe7 Nxe7 12.Qh5 O-O 13.Rad1 b5 14.a3 Rb8 15.Re3 b4
16.axb4 Rxb4 17.Rh3 h6 18.Rg3 Ng6 19.b3 Qb6 20.Nde2 Bb7 21.Qf3 Rc8 22.Nf4 Ne5
23.Qe2 Rd4 24.Nh5 Rxd1+ 25.Qxd1 Ng6 26.h4 Qa5 27.Nxg7 Kxg7 28.h5 Qe5 29.Na4 Bxe4
30.c4 Rb8 31.hxg6 Bxg6 32.Re3 Qf4 33.Rf3 Qe4 34.Qxd6 Qb1+ 35.Kh2 Rxb3 36.Qd4+ Kh7
37.Nc3 Qa1 38.c5 Rb1 39.c6 Rh1+ 40.Kg3 Qg1 41.Rf4 Rh2 42.Kf3 Qxg2+ 43.Ke2 Qxc6
44.Ne4 Qc2+ 45.Ke3 Rh3+ 46.f3 Qc1+ 47.Kf2 e5 48.Nf6+ Kg7 49.Ne8+ Kf8 50.Qd6+ Kxe8
51.Qxe5+ Kf8 52.Qh8+ Ke7 53.Qe5+ Kf8 54.Qh8+ Ke7 55.Qe5+  1/2-1/2

[Event "Sochi"]
[Site "Sochi"]
[Date "1990.??.??"]
[Round "?"]
[White "Shabanov, Yuri"]
[Black "Ikonnikov, Vyacheslav"]
[Result "1/2-1/2"]
[WhiteElo "2375"]
[BlackElo "2485"]

1.e4 c5 2.Nf3 Nc6 3.Bb5 e6 4.O-O Nge7 5.b3 a6 6.Bxc6 Nxc6 7.Bb2 b5 8.Re1 Bb7
9.Nc3 Be7 10.Nd5 exd5 11.exd5 O-O 12.dxc6 Bxc6 13.Ne5 Bb7 14.Qg4 Bf6 15.d4 d6
16.Nd7 Bc8 17.Nxf6+ Qxf6  1/2-1/2

[Event "Sochi"]
[Site "Sochi"]
[Date "1990.??.??"]
[Round "?"]
[White "Shabanov, Yuri"]
[Black "Panchenko, Alexander N"]
[Result "1-0"]
[WhiteElo "2375"]
[BlackElo "2430"]

1.e4 c5 2.Nf3 Nc6 3.Bb5 e6 4.O-O Nge7 5.b3 a6 6.Bxc6 Nxc6 7.Bb2 b5 8.a4 b4
9.d3 f6 10.Nh4 Qe7 11.f4 Qf7 12.Nd2 Be7 13.Nc4 Rb8 14.f5 O-O 15.Qg4 d5 16.Ne3 d4
17.Nc4 exf5 18.Nxf5 Kh8 19.Qg3 Be6 20.Bc1 Bxc4 21.bxc4 g6 22.Nh6 Qe6 23.Bf4 Rb7
24.h4 b3 25.cxb3 Rxb3 26.h5 g5 27.Bc7 Nb4 28.Rad1 Nc2 29.Nf5 Rf7 30.Rb1 Rxb1
31.Rxb1 Nb4 32.Nxe7 Qxe7 33.Bd6 Qa7 34.Bxc5 Qxc5 35.Qb8+ Qf8 36.Qxf8+ Rxf8
37.Rxb4 f5 38.exf5 Rxf5 39.h6 Kg8 40.Rb7 Ra5 41.Rg7+  1-0

[Event "BUL-FRA m"]
[Site "Sofia"]
[Date "1990.??.??"]
[Round "3"]
[White "Boudy, Julio"]
[Black "Spasov, Vasil"]
[Result "0-1"]
[WhiteElo "2305"]
[BlackElo "2440"]

1.e4 c5 2.Nf3 Nc6 3.Bb5 g6 4.O-O Bg7 5.Re1 e5 6.Bxc6 dxc6 7.d3 Qe7 8.Be3 Nf6
9.a4 O-O 10.Na3 Ne8 11.Nc4 Nc7 12.Qc1 f6 13.a5 Rd8 14.Qb1 Ne6 15.c3 Bd7 16.Qc2 Be8
17.Rab1 Bf7 18.b4 cxb4 19.cxb4 Rd7 20.Red1 g5 21.d4 g4 22.Nh4 Nxd4 23.Bxd4 exd4
24.Nf5 Qe6 25.Rbc1 Re8 26.f3 gxf3 27.gxf3 Red8 28.Qg2 Bg6 29.Qh3 Kh8 30.Kh1 Rg8
31.Nb2 Bxf5 32.exf5 Qe2 33.Rb1 Bh6 34.Re1 Qc2 35.Rg1 Rxg1+ 36.Rxg1 Be3  0-1

[Event "BUL-FRA m"]
[Site "Sofia"]
[Date "1990.??.??"]
[Round "5"]
[White "Spasov, Vasil"]
[Black "Apicella, Manuel"]
[Result "0-1"]
[WhiteElo "2440"]
[BlackElo "2390"]

1.e4 c5 2.Nf3 Nc6 3.Bb5 g6 4.Bxc6 dxc6 5.h3 Bg7 6.d3 Nf6 7.Nc3 O-O 8.Be3 Nd7
9.Qd2 e5 10.h4 h5 11.O-O-O Qe7 12.Nh2 f5 13.exf5 gxf5 14.Bh6 b5 15.Bxg7 Qxg7
16.Nf3 Bb7 17.Qg5 Rae8 18.Rhe1 Bc8 19.Rd2 Qxg5 20.Nxg5 Re7 21.f4 Rfe8 22.Rde2 Kg7
23.Re3 Kf6 24.Kd2 Nf8 25.fxe5+ Rxe5 26.Rxe5 Rxe5 27.Rf1 Ke7 28.Ne2 Ng6 29.Nf4 Nxf4
30.Rxf4 Rd5 31.Nh3 Rd8 32.Rf3 Be6 33.a3 c4 34.Nf4 Bf7 35.Kc3 cxd3 36.Rxd3 Rxd3+
37.Nxd3 Kd6 38.Kd4 Bd5 39.g3 Be4 40.Nf4 c5+ 41.Kc3 Bf3 42.b4 cxb4+ 43.axb4 Ke5
44.Kd3 Bg4 45.c3 Bd1 46.Kd2 Bf3 47.Ke3 Bg4 48.Ng6+ Kf6 49.Nf8 f4+ 50.gxf4 Kg7  0-1

[Event "St Ingbert op"]
[Site "St Ingbert"]
[Date "1990.??.??"]
[Round "3"]
[White "Kveinys, Aloyzas"]
[Black "Degen, Vladimir"]
[Result "1-0"]
[WhiteElo "2475"]
[BlackElo "2225"]

1.e4 c5 2.Nf3 Nc6 3.Bb5 g6 4.O-O Bg7 5.c3 Nf6 6.Re1 O-O 7.d4 cxd4 8.cxd4 d5
9.e5 Ne4 10.Bxc6 bxc6 11.Nbd2 c5 12.dxc5 Nxc5 13.Nb3 Nxb3 14.Qxb3 d4 15.Bg5 h6
16.Bh4 g5 17.Bg3 Bf5 18.Rad1 d3 19.Qa4 e6 20.h4 Qb6 21.b3 Rad8 22.hxg5 hxg5
23.Nd2 Rd4 24.Qa3 Rg4 25.Nc4 Qd4 26.Re3 Bg6 27.Qe7 Rc8 28.Qb7 Rd8 29.Nd6 Rxg3
30.Rxg3 Bxe5 31.Rgxd3 Qb2 32.Nc4  1-0

[Event "Stara Zagora zt-A"]
[Site "Stara Zagora"]
[Date "1990.??.??"]
[Round "12"]
[White "Gdanski, Jacek"]
[Black "Moldovan, Daniel"]
[Result "1/2-1/2"]
[WhiteElo "2430"]
[BlackElo "2335"]

1.e4 c5 2.Nf3 Nc6 3.Bb5 g6 4.O-O Bg7 5.c3 Nf6 6.Re1 a6 7.Bxc6 dxc6 8.h3 O-O
9.d4 cxd4 10.cxd4 c5 11.e5 Nd5 12.dxc5 Be6 13.Qd4 Qc7 14.Nbd2 Rfd8 15.Qh4 Bf5
16.Nb3 f6 17.exf6 Bxf6 18.Bg5 Bxb2 19.Bxe7 Bxa1 20.Bxd8 Qxd8 21.Qxd8+ Rxd8
22.Rxa1 Nc3 23.Nfd4 Bd3 24.Re1 Nxa2 25.Re7 Rc8 26.Rxb7 Nc3 27.c6 Be4 28.Na5 Nb5
29.Ne6 Bd5 30.Rg7+ Kh8 31.Re7 Kg8 32.g4 Bxc6 33.g5 Bd5 34.Kh2 Bxe6 35.Rxe6 Nd4
36.Rxa6  1/2-1/2

[Event "Rilton Cup"]
[Site "Stockholm"]
[Date "1990.??.??"]
[Round "3"]
[White "Vyzmanavin, Alexey"]
[Black "Maier, Christian"]
[Result "1/2-1/2"]
[WhiteElo "2585"]
[BlackElo "2330"]

1.e4 c5 2.Nf3 Nc6 3.Bb5 g6 4.O-O Bg7 5.Re1 e5 6.Bxc6 dxc6 7.b3 Nh6 8.Bb2 f6
9.d3 O-O 10.Nbd2 Nf7 11.a4 Re8 12.a5 Qc7 13.Ra4 Nd8 14.Qa1 Ne6 15.c3 Bd7
16.Ra2 Rad8 17.d4 Bc8 18.dxe5 fxe5 19.Ba3 Qe7 20.Nc4 Nf4 21.Ne3 Be6 22.Rd2 Rxd2
23.Nxd2 Nd3 24.Rf1 Rd8 25.Nf3 Nf4 26.Rd1 Rf8 27.Qb2 b6 28.c4 Qf6 29.Ne1 Qg5
30.Kh1 Bc8 31.f3 Ne6 32.Qf2 Nd4 33.b4 cxb4 34.Bxb4 Rd8 35.axb6 axb6 36.Bc3 Be6
37.Rb1 Rb8 38.Ba5 Bh6 39.Bd2 Qh5 40.Nd3 Rd8 41.Rxb6 Nxf3 42.gxf3 Rxd3 43.Ng4 Rxd2
44.Qxd2 Bxd2 45.Nf6+ Kf7 46.Nxh5 gxh5 47.Rxc6 Ke7 48.Rc7+ Bd7 49.c5 Kd8 50.Ra7 Be3
51.Ra5 Bf4 52.h4 Kc7 53.Kg2 Kc6 54.Kf2 h6 55.Ra7 Bc8 56.Ra2 Bc1 57.Ra8 Bb7
58.Ra2 Bf4 59.Rb2 Bc8 60.Ra2 Bh3 61.Ra5  1/2-1/2

[Event "Sumperk op"]
[Site "Sumperk"]
[Date "1990.??.??"]
[Round "5"]
[White "Labutin, Sergey"]
[Black "Zhelnin, Vladimir V"]
[Result "1-0"]
[WhiteElo "2360"]
[BlackElo "2335"]

1.e4 c5 2.Nf3 Nc6 3.Bb5 g6 4.O-O Bg7 5.Re1 e5 6.d3 Nge7 7.Nc3 O-O 8.h3 d6
9.Bc4 Nd4 10.Nd5 Kh8 11.c3 Nxd5 12.Bxd5 Ne6 13.a3 Nf4 14.Bxf4 exf4 15.Qd2 g5
16.d4 Rb8 17.Rad1 Qf6 18.e5 dxe5 19.dxe5 Qh6 20.Qd3 b6 21.Be4 g4 22.hxg4 Bxg4
23.Qa6 Bxe5 24.Nxe5 Bxd1 25.Rxd1 Qe6 26.Rd5 Rbd8 27.Qd3 Rxd5 28.Qxd5 Qxd5
29.Bxd5 Re8 30.Nxf7+ Kg7 31.Kf1 Kf6 32.c4 Re7 33.Nd6 Ke5 34.Nb5 a6 35.Nc3 Kd4
36.Ne2+ Kd3 37.Nxf4+ Kc2 38.b4 Kb3 39.bxc5 bxc5 40.Ne6 Kxa3 41.Nxc5 a5 42.f4 Kb4
43.Na6+ Kc3 44.c5 Kd4 45.Bf3 a4 46.c6 a3 47.Nb4 Kc4 48.Na2 Kc5 49.Kf2 Re8
50.f5 Kd6 51.Nc3 Re5 52.f6 Rf5 53.Ke3 Ra5 54.f7 Ke7 55.Bd5 a2 56.Bxa2 Rc5
57.Nd5+ Kxf7 58.c7 Ke8 59.Kd3 Rc1 60.Bc4 Kd7 61.Ba6  1-0

[Event "Tastrup-B"]
[Site "Tastrup"]
[Date "1990.??.??"]
[Round "3"]
[White "Bus, Mariusz"]
[Black "Doery, Jeno"]
[Result "1/2-1/2"]
[WhiteElo "2335"]
[BlackElo "2355"]

1.e4 c5 2.Nf3 Nc6 3.Bb5 g6 4.O-O Bg7 5.Re1 Nf6 6.Nc3 O-O 7.h3 a6 8.Bxc6 dxc6
9.d3 Qc7 10.Be3 Nd7 11.a4 a5 12.Qc1 Re8 13.Bh6 e5 14.Nh2 Nf6 15.Qg5 Qe7 16.f4 exf4
17.Bxg7 Kxg7 18.Qxf4 Nh5 19.Qf2 Qe5 20.Nf3 Qg3 21.Qxg3 Nxg3 22.Kf2 Nh5 23.e5 Nf4
24.Ne4 b6 25.Nd6 Re7 26.Re4 Ne6 27.g4 h6 28.h4 Nd4 29.Nxd4 cxd4 30.Nc4 Be6
31.Rxd4 Bxc4 32.Rxc4 Rxe5 33.Re1 Rxe1 34.Kxe1 Re8+ 35.Kf2 c5 36.Kf3 f5 37.gxf5 gxf5
38.Rf4 Kf6 39.d4 cxd4 40.Rxd4 Ke5 41.Rd3 Rc8 42.Re3+ Kd5 43.Rd3+ Ke5 44.Rb3 Rc6
45.Rb5+ Kf6 46.b3 Kg6 47.c4 Kh5 48.Kg3 Kg6 49.Kf4 Kh5 50.Kg3 Kg6 51.Re5 Rd6
52.Rd5 Re6 53.Kf3 Kh5 54.c5 bxc5 55.Rxc5 Rd6 56.Rxf5+ Kxh4 57.Rxa5  1/2-1/2

[Event "Tel Aviv op"]
[Site "Tel Aviv"]
[Date "1990.??.??"]
[Round "?"]
[White "Tseitlin, Mark D"]
[Black "Zilberman, Yaacov"]
[Result "1-0"]
[WhiteElo "2415"]
[BlackElo "2380"]

1.e4 c5 2.Nf3 Nc6 3.Bb5 g6 4.Bxc6 dxc6 5.h3 Bg7 6.Nc3 Nf6 7.d3 b6 8.Be3 a5
9.a4 Ba6 10.Qd2 Nd7 11.Bh6 O-O 12.h4 f6 13.e5 Qc7 14.e6 Ne5 15.O-O-O Rad8
16.Nxe5 Qxe5 17.Bxg7 Kxg7 18.Rde1 Qc7 19.f4 Rd4 20.g3 h5 21.f5 b5 22.fxg6 bxa4
23.Ne2 Rb4 24.Nf4 Qb7 25.Nxh5+ Kxg6 26.Nf4+ Kg7 27.c3 Rb3 28.Qe2 a3 29.Qg4+ Kh7
30.Qg6+ Kh8 31.Nh5 axb2+ 32.Kd2 b1=N+ 33.Ke3  1-0

[Event "Tel Aviv op"]
[Site "Tel Aviv"]
[Date "1990.??.??"]
[Round "?"]
[White "Tseitlin, Mark D"]
[Black "Afek, Yochanan"]
[Result "1/2-1/2"]
[WhiteElo "2415"]
[BlackElo "2335"]

1.e4 c5 2.Nf3 Nc6 3.Bb5 g6 4.Bxc6 bxc6 5.O-O Bg7 6.Re1 Nf6 7.e5 Nd5 8.c4 Nc7
9.d4 cxd4 10.Qxd4 d5 11.cxd5 cxd5 12.Nc3 O-O 13.Qh4 Rb8 14.Bh6 Rxb2 15.Nd1 Rb6
16.Ne3 f6 17.Bxg7 Kxg7 18.Rac1 Bb7 19.exf6+ exf6 20.Qa4 Qd6 21.Nd4 Kh8 22.Nef5 gxf5
23.Nxf5 Qd8 24.Re7 Bc8 25.Rxh7+ Kxh7 26.Qh4+ Kg6 27.Qg4+ Kf7 28.Qg7+ Ke8
29.Qg6+ Rf7 30.Qg8+ Rf8 31.Qg6+ Rf7 32.Qg8+ Rf8 33.Qg6+  1/2-1/2

[Event "Warsaw"]
[Site "Warsaw"]
[Date "1990.??.??"]
[Round "2"]
[White "Kuczynski, Robert"]
[Black "Chekhov, Valery A"]
[Result "1/2-1/2"]
[WhiteElo "2460"]
[BlackElo "2455"]

1.e4 c5 2.Nf3 Nc6 3.Bb5 d6 4.O-O Bd7 5.Re1 a6 6.Bf1 Bg4 7.h3 Bh5 8.c3 e6
9.g4 Bg6 10.d4 Be7 11.Bf4 Nf6 12.d5 exd5 13.exd5 Na7 14.Nh4 O-O 15.Nxg6 hxg6
16.Bg2 Nd7 17.Nd2 Nc8 18.a4 f5 19.gxf5 gxf5 20.Qh5 Rf7 21.Nf3 Nf8 22.Bg5 g6
23.Qh4 Bxg5 24.Qxg5 Nb6 25.Qxd8 Rxd8 26.Ng5 Rc7 27.a5 Nc4 28.Bf1 Ne5 29.f4 Nf7
30.Ne6 Nxe6 31.dxe6 Nh6 32.e7 Re8 33.Re6 Kg7 34.Rae1 Rd7 35.Bg2 Ng8 36.Rd1 Rexe7
37.Rexd6 Rxd6 38.Rxd6 Nf6 39.Kf2 Ne4+ 40.Bxe4 Rxe4 41.Rd7+ Kh6 42.Kf3 Ra4
43.Rxb7 Rxa5  1/2-1/2

[Event "Wuppertal (Women)"]
[Site "Wuppertal"]
[Date "1990.??.??"]
[Round "11"]
[White "Veroci, Zsuzsa"]
[Black "Chilingirova, Pavlina"]
[Result "1/2-1/2"]
[WhiteElo "2315"]
[BlackElo "2195"]

1.e4 c5 2.Nf3 Nc6 3.Bb5 g6 4.O-O Bg7 5.c3 Nf6 6.Re1 O-O 7.d4 cxd4 8.e5 Nd5
9.cxd4 d6 10.Nc3 dxe5 11.Bxc6 Nxc3 12.bxc3 bxc6 13.Nxe5 Be6 14.Ba3 Qc7 15.Qa4 Rfc8
16.Nd3 Bf6 17.Bc1 Bf5 18.Bf4 Qb6 19.Ne5 Re8 20.Qc4 e6 21.a4 a5 22.h3 Qd8
23.Ra2  1/2-1/2

[Event "Yaroslavl"]
[Site "Yaroslavl"]
[Date "1990.??.??"]
[Round "?"]
[White "Lukin, Andrei M"]
[Black "Kozlov, Vladimir N"]
[Result "1-0"]
[WhiteElo "2470"]
[BlackElo "2375"]

1.e4 c5 2.Nf3 Nc6 3.Bb5 e5 4.O-O d6 5.c3 Bg4 6.h3 Bh5 7.d4 cxd4 8.cxd4 exd4
9.g4 Bg6 10.Nxd4 Ne7 11.Nc3 a6 12.Ba4 h5 13.Bg5 f6 14.Bf4 Rc8 15.Ne6 Qd7
16.Qxd6 hxg4 17.Qxd7+ Kxd7 18.Nc5+  1-0

[Event "Acasusso op"]
[Site "Acasusso"]
[Date "1991.??.??"]
[Round "5"]
[White "Malbran, Guillermo"]
[Black "Gorisnic, Eduardo"]
[Result "1/2-1/2"]
[WhiteElo "2315"]
[BlackElo "2280"]

1.e4 c5 2.Nf3 Nc6 3.Bb5 e6 4.Bxc6 bxc6 5.d3 d5 6.O-O Nf6 7.Nc3 Be7 8.b3 Ba6
9.Qe2 O-O 10.Re1 Qc7 11.Nd2 Rae8 12.Na4 Nd7 13.c4 Nb6 14.Nxb6 axb6 15.a4 Bf6
16.Ra2 Rd8 17.e5 Be7 18.Nf3 Rd7 19.Bf4 Rfd8 20.Raa1 dxc4 21.dxc4 Rd3 22.Qc2 h6
23.h4 Qd7 24.h5 Qb7 25.Rad1 Qd7 26.Ra1 Qb7  1/2-1/2

[Event "Anapa"]
[Site "Anapa"]
[Date "1991.??.??"]
[Round "?"]
[White "Sveshnikov, Evgeny"]
[Black "Beshukov, Sergei"]
[Result "1-0"]
[WhiteElo "2540"]
[BlackElo "2310"]

1.e4 c5 2.Nf3 Nc6 3.Bb5 g6 4.c3 Qb6 5.Ba4 Bg7 6.O-O e6 7.Na3 Nge7 8.d4 cxd4
9.Nc4 Qc7 10.cxd4 d5 11.exd5 Nxd5 12.Bg5 O-O 13.Re1 Bd7 14.Nce5 Rfc8 15.Bb3 Qd6
16.Nc4 Qf8 17.Rc1 Be8 18.Qd2 Qb4 19.Qd3 h6 20.Bd2 Qf8 21.a3 Rd8 22.Ne3 Nb6
23.Bc3 Qd6 24.Rcd1 Rac8 25.Qe4 Nd5 26.Nxd5 exd5 27.Qe3 Bd7 28.Ne5 Re8 29.Qf3 Be6
30.Ba4 h5 31.h3 Red8 32.Bxc6 Bxe5 33.Bxb7 Bh2+ 34.Kh1 Rb8 35.Bb4 Qb6 36.Kxh2 Rxb7
37.Qg3 a5 38.Bc3 a4 39.Re5 Kh7 40.Rde1 Qd6 41.Bb4 Qd7 42.R1e3 Rh8 43.Rf3 Kg7
44.Rg5 Rh6 45.Qe5+ Kg8 46.Rf6 Rb6 47.f4 Qd8 48.Ba5  1-0